000
00447nam a2200145Ia 4500
008
090122s9999 xx 000 0 und d
082
_b
6220
_a
613
100
_a
कोल्हटकर
_b
वर्षा
_c
डॉ
245
_a
सौंदर्य योग
600
_a
कोल्हटकर
630
_a
सौंदर्य योग
700
_a
कोल्हटकर
730
_a
सौंदर्य योग
942
_c
BOOK
999
_c
30297
_d
30297